Aus urbanes : coloms urbans : gavià argentat : zoonosis en aus urbanes coloms urbans :
Publicado:
Barcelona :
Diputació de Barcelona. Àrea de Salut Pública i Consum. Servei de Salut Pública ,
2009
Descripción Física:
81 p. : il., map. ; 29 cm
MARC
| LEADER | 00000nam a2200000Ia 4500 | ||
|---|---|---|---|
| 001 | 21790 | ||
| 008 | 160829s2009 xx 000 0 cat d | ||
| 080 | |a C-3-224 | ||
| 245 | |a Aus urbanes : |b coloms urbans : |b gavià argentat : |b zoonosis en aus urbanes | ||
| 260 | |a Barcelona : |b Diputació de Barcelona. Àrea de Salut Pública i Consum. Servei de Salut Pública, |c 2009 | ||
| 300 | |a 81 p. : |b il., map. ; |c 29 cm | ||
| 590 | |a Referències bibliogràfiques a cada capítol | ||
| 650 | |a Ocells |x Control |x Barcelona (Província) |9 45856 | ||
| 650 | |a Ocells |x Malalties |x Barcelona (Província) |9 45857 | ||
| 650 | |a Coloms |x Barcelona (Província) |9 45858 | ||
| 710 | |a Barcelona (Catalunya : Província). |b Servei de Salut Pública |9 52202 | ||
| 901 | |a Arxiu | ||
| 942 | |n 1 | ||
| 952 | |0 0 |1 0 |4 0 |6 C3224 |7 1 |9 52844 |a Arxiu |b Arxiu |d 2016-12-01 |l 0 |o C-3-224 |p 21790 |r 2016-12-01 00:00:00 |w 2016-12-01 |y ARXIU | ||
| 999 | |c 56693 |d 56693 | ||